000
00568nam a22001457a 4500
020
_a
9789351116257
082
_a
301.1608
100
_a
Dr.Poonam Rani
245
_a
Sociology of mass communication
260
_a
New delhi
_b
Random publications
_c
2015
300
_a
295p
942
_c
BK
999
_c
2579
_d
2579